| 000 | 00458nam a2200169 i 4500 | ||
|---|---|---|---|
| 001 | 41747 | ||
| 003 | ES-MaACL | ||
| 005 | 20230906160502.0 | ||
| 007 | t| | ||
| 008 | 030311s1972 sp ||||1| spa d | ||
| 100 | 1 |
_aCastan, José María. _936386 |
|
| 245 | 1 | 0 |
_a7 poemas para Chile / _cJosé María Castan. |
| 260 |
_a[Madrid : _bReus, _c1972] |
||
| 300 |
_a27 p. ; _c22 cm. |
||
| 740 | 0 | _aSiete poemas para Chile. | |
| 852 |
_aES-MaACL _j2082-F-1 _bR.84494 |
||
| 999 |
_c41747 _d41747 |
||